Human types : (Record no. 28289)
[ view plain ]
| 000 -LEADER | |
|---|---|
| fixed length control field | 01372cam a22003495i 4500 |
| 001 - CONTROL NUMBER | |
| control field | ocn886840062 |
| 003 - CONTROL NUMBER IDENTIFIER | |
| control field | EG-ScBUE |
| 005 - DATE AND TIME OF LATEST TRANSACTION | |
| control field | 20200308135610.0 |
| 008 - FIXED-LENGTH DATA ELEMENTS--GENERAL INFORMATION | |
| fixed length control field | 800904t19621958nyuaf f b 001 0 eng d |
| 035 ## - SYSTEM CONTROL NUMBER | |
| System control number | (OCoLC)ocn886840062 |
| 035 ## - SYSTEM CONTROL NUMBER | |
| System control number | (OCoLC)886840062 |
| 040 ## - CATALOGING SOURCE | |
| Original cataloging agency | LIBRO |
| Language of cataloging | eng |
| Description conventions | rda |
| Transcribing agency | LIBRO |
| Modifying agency | OCLCO |
| -- | TEB |
| -- | OCLCF |
| -- | OCLCQ |
| -- | NUI |
| -- | CNUTO |
| -- | NLC |
| -- | DHA |
| -- | OCLCQ |
| -- | IUL |
| -- | EG-ScBUE |
| 082 04 - DEWEY DECIMAL CLASSIFICATION NUMBER | |
| Classification number | 301.2 |
| Item number | FIR |
| Edition number | 22 |
| 100 1# - MAIN ENTRY--PERSONAL NAME | |
| Personal name | Firth, Raymond, |
| Dates associated with a name | 1901-2002, |
| Relator term | author. |
| 9 (RLIN) | 30947 |
| 245 10 - TITLE STATEMENT | |
| Title | Human types : |
| Remainder of title | an introduction to social anthropology / |
| Statement of responsibility, etc | Raymond Firth, F. B. A., Professor of Anthropology, University of London ; with a new foreword by Walter A. Fairservis, Jr. |
| 250 ## - EDITION STATEMENT | |
| Edition statement | Revised edition. |
| 250 ## - EDITION STATEMENT | |
| Edition statement | Forth printing. |
| 264 #1 - PUBLICATION, DISTRIBUTION, ETC. (IMPRINT) | |
| Place of publication, distribution, etc | New York : |
| Name of publisher, distributor, etc | The American Library of World Literature, |
| Date of publication, distribution, etc | 1962. |
| 300 ## - PHYSICAL DESCRIPTION | |
| Extent | 176 pages, 8 pages of plates : |
| Other physical details | illustrations ; |
| Dimensions | 18 cm. |
| 336 ## - CONTENT TYPE | |
| Content type term | text |
| Content type code | txt |
| Source | rdacontent |
| 337 ## - MEDIA TYPE | |
| Media type term | unmediated |
| Media type code | n |
| Source | rdamedia |
| 338 ## - CARRIER TYPE | |
| Carrier type term | volume |
| Carrier type code | nc |
| Source | rdacarrier |
| 490 0# - SERIES STATEMENT | |
| Series statement | Mentor Books ; |
| Volume number/sequential designation | MP423 |
| 504 ## - BIBLIOGRAPHY, ETC. NOTE | |
| Bibliography, etc | Includes bibliographical references and index. |
| 590 ## - LOCAL NOTE (RLIN) | |
| Local note | In original illustrated wrappers, all edges stained red. |
| 650 #7 - SUBJECT ADDED ENTRY--TOPICAL TERM | |
| Topical term or geographic name as entry element | Ethnology. |
| Source of heading or term | BUEsh |
| 650 #7 - SUBJECT ADDED ENTRY--TOPICAL TERM | |
| Topical term or geographic name as entry element | Race. |
| Source of heading or term | BUEsh |
| 653 ## - INDEX TERM--UNCONTROLLED | |
| Resource For college | Humanities: Psychology |
| Arrived date list | March2020 |
| 700 1# - ADDED ENTRY--PERSONAL NAME | |
| Personal name | Fairservis, Walter A., |
| Relator term | author of introduction, etc. |
| 942 ## - ADDED ENTRY ELEMENTS (KOHA) | |
| Source of classification or shelving scheme | Dewey Decimal Classification |
| Koha item type | Book - Borrowing |
| Withdrawn status | Lost status | Source of classification or shelving scheme | Damaged status | Not for loan | Collection code | Home library | Current library | Shelving location | Date acquired | Source of acquisition | Total Checkouts | Full call number | Barcode | Date last seen | Price effective from | Koha item type |
|---|---|---|---|---|---|---|---|---|---|---|---|---|---|---|---|---|
| Dewey Decimal Classification | unknown | Central Library | Central Library | First floor | 08/03/2020 | Purchase | 301.2 FIR | 000048928 | 15/07/2025 | 08/03/2020 | Book - Borrowing |